000
00269nam a22001097a 4500
020
_a
9789382036272
082
_a
660.6
_b
RAO/BI
100
_a
Rao, Madhusudan
245
_a
Biotechnology: concepts and applications
260
_a
New Delhi
_b
Black Prints
_c
2013
942
_c
BK
999
_c
13993
_d
13993